<?xml version="1.0" encoding="UTF-8"?>
<marc:record xmlns:marc="http://www.loc.gov/MARC21/slim">
   <marc:leader>00000nam a2200000 a 4500</marc:leader>
   <marc:datafield ind1="1" ind2=" " tag="100">
      <marc:subfield code="a">Saldaña, Stephanie</marc:subfield>
      <marc:subfield code="4">aut</marc:subfield>
      <marc:subfield code="e">Verfasser/-in</marc:subfield>
   </marc:datafield>
   <marc:datafield ind1="1" ind2=" " tag="100">
      <marc:subfield code="a">Saldaña, Stephanie</marc:subfield>
   </marc:datafield>
   <marc:datafield ind1=" " ind2=" " tag="653">
      <marc:subfield code="a">Amerikanerin</marc:subfield>
   </marc:datafield>
   <marc:datafield ind1=" " ind2=" " tag="653">
      <marc:subfield code="a">Christentum</marc:subfield>
   </marc:datafield>
   <marc:datafield ind1=" " ind2=" " tag="653">
      <marc:subfield code="a">Islam</marc:subfield>
   </marc:datafield>
   <marc:datafield ind1=" " ind2=" " tag="653">
      <marc:subfield code="a">Erlebnisbericht</marc:subfield>
   </marc:datafield>
   <marc:datafield ind1="0" ind2="0" tag="245">
      <marc:subfield code="a">Das Brot der Engel</marc:subfield>
   </marc:datafield>
   <marc:datafield ind1="0" ind2="0" tag="245">
      <marc:subfield code="b">ein Jahr in Damaskus</marc:subfield>
   </marc:datafield>
   <marc:datafield ind1="0" ind2="0" tag="245">
      <marc:subfield code="c">Stephanie Saldaña. Aus dem Amerikan. von Stefanie Fahrner und Maja Ueberle-Pfaff</marc:subfield>
   </marc:datafield>
   <marc:datafield ind1=" " ind2="1" tag="264">
      <marc:subfield code="a">München</marc:subfield>
      <marc:subfield code="b">Irisiana</marc:subfield>
      <marc:subfield code="c">2010</marc:subfield>
   </marc:datafield>
   <marc:datafield ind1="1" ind2=" " tag="520">
      <marc:subfield code="a">Angaben aus der Verlagsmeldung

Das Brot der Engel - Ein Jahr in Damaskus The Bread of Angels. A Memoir of Love and Faith in Damascus / von Stephanie Saldaña

Eine wahre Geschichte über Aufbruch und Selbstfindung&lt;br /&gt;
&lt;br /&gt;Die Amerikanerin Stephanie Saldaña reist 2004 für ein Jahr nach Damaskus, um die Jesusgestalt im Koran zu studieren. Es ist ein gefährlicher Zeitpunkt für diese Reise, da kurz zuvor die USA in den Irak einmarschiert sind und Syrien nächstes Angriffsziel werden könnte. Einfühlsam und lebendig beschreibt die junge Katholikin ihren spannenden Alltag in einem fremden Land. Als sie sich in ein Wüstenkloster zurückzieht und mit dem Gedanken spielt, den Rest ihres Lebens als Nonne zu verbringen, verliebt sie sich in den charismatischen Mönchsnovizen Frederic. &lt;br /&gt;
&lt;br /&gt;Dieses Buch ist ein Leseereignis, ein grandioses Mosaik aus Reisebericht, zarter Liebesgeschichte und spiritueller Reise zu sich selbst, ein Buch, das durch die poetische Kraft seiner Sprache überzeugt und noch lange nachhallt.&lt;br /&gt;
&lt;br /&gt;Ein wertvoller Beitrag zum interkulturellen und interreligiösen Austausch.&lt;br /&gt;
&lt;br /&gt;
</marc:subfield>
   </marc:datafield>
   <marc:datafield ind1=" " ind2=" " tag="020">
      <marc:subfield code="a">9783424150728</marc:subfield>
      <marc:subfield code="9">9783424150728</marc:subfield>
   </marc:datafield>
   <marc:datafield ind1=" " ind2=" " tag="041">
      <marc:subfield code="a">ger</marc:subfield>
   </marc:datafield>
   <marc:datafield ind1=" " ind2=" " tag="300">
      <marc:subfield code="a">442 S.</marc:subfield>
   </marc:datafield>
</marc:record>
